Petroleum radiation processing / (Record no. 20659)

MARC details
000 -LEADER
fixed length control field 02963cam a22002775a 4500
001 - CONTROL NUMBER
control field 17883469
005 - DATE AND TIME OF LATEST TRANSACTION
control field 20151124105120.0
008 - FIXED-LENGTH DATA ELEMENTS--GENERAL INFORMATION
fixed length control field 130912t2014 flua frb 001 0 eng d
020 ## - INTERNATIONAL STANDARD BOOK NUMBER
International Standard Book Number 9781466593107 (hardback)
040 ## - CATALOGING SOURCE
Original cataloging agency DLC
Language of cataloging eng
Transcribing agency DLC
Modifying agency DLC
-- EG-ScBUE
082 04 - DEWEY DECIMAL CLASSIFICATION NUMBER
Classification number 665.533
Edition number 22
Item number ZAI
100 1# - MAIN ENTRY--PERSONAL NAME
Personal name Zaikin, Yuriiy.
9 (RLIN) 38786
245 10 - TITLE STATEMENT
Title Petroleum radiation processing /
Statement of responsibility, etc Yuriiy Zaikin, Raissa Zaikina.
260 ## - PUBLICATION, DISTRIBUTION, ETC. (IMPRINT)
Place of publication, distribution, etc Boca Raton :
Name of publisher, distributor, etc CRC Press / Taylor & Francis Group,
Date of publication, distribution, etc c.2014.
300 ## - PHYSICAL DESCRIPTION
Extent xii, 364 p. :
Other physical details ill. ;
Dimensions 24 cm.
500 ## - GENERAL NOTE
General note Index : p. 357-364.
504 ## - BIBLIOGRAPHY, ETC. NOTE
Bibliography, etc Bibliography : p. 345-355.
520 ## - SUMMARY, ETC.
Summary, etc "This book is a summary of the research progress in the field of petroleum radiation processing, giving rise to technology that offers the highest energy savings and lowest capital and operational expenses compared with any existing methods for oil refining. The theoretical part of this book sets out important problems in self-sustaining cracking reactions in hydrocarbons. The next part provides a systematic description of the most important experiments on radiation cracking. The concluding part summarizes progress in the development of new radiation technologies for oil upgrading and deep processing"--
520 ## - SUMMARY, ETC.
Summary, etc "Introduction Radiation methods for petroleum processing have attracted the attention of researchers since the early 1960s when the discovery of the phenomenon of radiation-thermal cracking presented an opportunity of using ionizing irradiation for high-rate deep oil processing. New technologies for high-viscous and heavy oil processing were developed with technical advances in the 1990s. These technologies are now ready to be scaled up for industrial applications. Radiation-thermal cracking of oil feedstock represents a solution to overcoming many acute problems of the oil industry. However, processes based on radiation-thermal cracking require heightened temperatures that are usually about 40% lower than those characteristic for thermocatalytic cracking. This is acceptable for many refinery operations; however, other applications, such as oil upgrading near the sites of its extraction, require radical reduction of the process temperature. Observation of radiation-induced chain cracking reactions in hydrocarbons at lowered temperatures initiated the development of improved technological approaches, combining the advantages of radiation-thermal cracking and low-temperature feedstock processing. Progress in radiation technologies for oil processing demanded more detailed elaboration of the theory of thermally and radiation-induced self-sustaining cracking reactions. Researchers still face serious difficulties in the practical application of the theory to experimental data interpretation"--
650 #0 - SUBJECT ADDED ENTRY--TOPICAL TERM
Topical term or geographic name as entry element Cracking process.
Source of heading or term BUEsh
650 #0 - SUBJECT ADDED ENTRY--TOPICAL TERM
Topical term or geographic name as entry element Radiation chemistry.
Source of heading or term BUEsh
651 ## - SUBJECT ADDED ENTRY--GEOGRAPHIC NAME
Source of heading or term BUEsh
653 ## - INDEX TERM--UNCONTROLLED
Resource For college Engineering, General
Arrived date list August2015
-- November2015
700 1# - ADDED ENTRY--PERSONAL NAME
Personal name Zaikina, Raissa.
942 ## - ADDED ENTRY ELEMENTS (KOHA)
Source of classification or shelving scheme Dewey Decimal Classification
Holdings
Withdrawn status Lost status Source of classification or shelving scheme Damaged status Not for loan Koha collection Home library Current library Shelving location Date acquired Source of acquisition Cost, normal purchase price Serial Enumeration / chronology Total Checkouts Full call number Barcode Date last seen Cost, replacement price Koha item type
    Dewey Decimal Classification     Baccah Central Library Central Library First floor 19/08/2015 Purchase 1386.00 21761   665.533 ZAI 000039710 15/07/2025 1733.00 Book - Borrowing